Microprocessor & Programming (Record no. 369707)

MARC details
000 -LEADER
fixed length control field 00614nam a22001937a 4500
003 - CONTROL NUMBER IDENTIFIER
control field OSt
005 - DATE AND TIME OF LATEST TRANSACTION
control field 20260107114449.0
008 - FIXED-LENGTH DATA ELEMENTS--GENERAL INFORMATION
fixed length control field 260107b |||||||| |||| 00| 0 eng d
020 ## - INTERNATIONAL STANDARD BOOK NUMBER
International Standard Book Number 9789350162316
245 ## - TITLE STATEMENT
Title Microprocessor & Programming
260 ## - PUBLICATION, DISTRIBUTION, ETC. (IMPRINT)
Place of publication, distribution, etc. Pune
Name of publisher, distributor, etc. Vision Publication
Date of publication, distribution, etc. 2014
300 ## - PHYSICAL DESCRIPTION
Extent 316pp.
650 01 - SUBJECT ADDED ENTRY--TOPICAL TERM
Topical term or geographic name as entry element Basics of Microprocessor
9 (RLIN) 216188
650 02 - SUBJECT ADDED ENTRY--TOPICAL TERM
Topical term or geographic name as entry element 16 Bit Microprocessor 8086
9 (RLIN) 216189
650 03 - SUBJECT ADDED ENTRY--TOPICAL TERM
Topical term or geographic name as entry element Instruction Set of 8086 Microprocessor
9 (RLIN) 216190
650 04 - SUBJECT ADDED ENTRY--TOPICAL TERM
Topical term or geographic name as entry element The Art of Assembly Language Programming
9 (RLIN) 216191
650 05 - SUBJECT ADDED ENTRY--TOPICAL TERM
Topical term or geographic name as entry element 8086 Assembly Language Programming
9 (RLIN) 216192
942 ## - ADDED ENTRY ELEMENTS (KOHA)
Source of classification or shelving scheme Dewey Decimal Classification
Koha item type Books
Holdings
Withdrawn status Lost status Source of classification or shelving scheme Damaged status Not for loan Home library Current library Date acquired Total Checkouts Barcode Date last seen Bill Date Koha item type Original Barcode
    Dewey Decimal Classification     MKSSS s K.B. Joshi Institute of Information Technology Library MKSSS s K.B. Joshi Institute of Information Technology Library 07/01/2026   KBJP-D-594 07/01/2026 07/01/2026 Books 594